Classement du Ballon d'or 2005 - Statistiques

Statistiques générales
  • Ce quiz a été pris 253 fois
  • Le résultat moyen est 17 sur 24
Statistiques - réponses
Classement Joueur Club du joueur Nationalité % Correct
1 Ronaldinho FC Barcelone Brésil
99%
4 Thierry Henry Arsenal FC France
97%
20 Cristiano Ronaldo Manchester United Portugal
95%
2 Frank Lampard Chelsea FC Angleterre
94%
10 Samuel Eto'o FC Barcelone Cameroun
93%
3 Steven Gerrard Liverpool FC Angleterre
92%
15 Didier Drogba Chelsea FC Côte d'ivoire
90%
8 Zlatan Ibrahimovic Juventus FC Suède
90%
12 Juninho Olympique Lyonnais Brésil
89%
18 Zinédine Zidane Real Madrid France
88%
24 Pavel Nedved Juventus République Tchèque
79%
9 Kaka AC Milan Brésil
77%
6 Paolo Maldini AC Milan Italie
77%
22 Michael Essien Olympique Lyonnais / Chelsea FC Ghana
76%
11 John Terry Chelsea FC Angleterre
68%
7 Adriano Inter Milan Brésil
65%
5 Andriy Chevtchenko AC Milan Ukraine
64%
19 Gianluigi Buffon Juventus FC Italie
63%
16 Petr Cech Chelsea FC République Tchèque
62%
13 Claude Makélélé Chelsea FC France
59%
14 Michael Ballack Bayern Munich Allemagne
42%
17 Juan Roman Riquelme Villarreal CF Argentine
35%
21 Jamie Carragher Liverpool FC Angleterre
25%
23 Luis Garcia Liverpool FC Espagne
12%
Aucun quiz correspondant
Distribution des résultats
% des personnes avec chaque résultat
Percentile par nombre de réponses
Votre historique - résultats
Vous n’avez pas pris ce quiz